000 01010nas a2200313 4500
001 BR2010003205
003 BR-BrBNA
005 20231205114116.0
007 ta
008 230509b bl.|||p| |||| 00| 00por d
040 _aBR-BrBNA
_bpor
_cBiblioteca Nacional de Agricultura
041 _a(Pt)
072 _aL51
100 1 _aLopes, I.R.V.
100 1 _aFuentes, M. de F.F.
100 1 _aFreitas, E.R.
100 1 _aSilva, R.B. da
100 1 _aLima, R.C.
100 1 _aBezerra, R.M.
245 1 _aDesempenho e características de carcaça de frangos de corte alimentados com rações contendo farelo da castanha de caju tratado ou não com antioxidante
650 _aFRANGO DE CORTE
650 _aCONVERSÃO ALIMENTAR
650 _aRAÇÃO
650 _aGANHO DE PESO
650 _aMETABOLISMO
773 0 _tRevista Brasileira de Zootecnia (Brazil)
_xISSN 1516-3598
_g(Aug 2009), v. 38(8) p. 1502-1508
_wBR2010003205
909 _a202311
_bLúcia
_c55
_dLúcia Elande
942 _2AGRIS
_n0
_cANA
999 _c207117
_d207117